00298nam a2200121Ia 4500008004100000041000800041082001700049100001700066245002100083260003500104300003000139365000700169240624s9999 xx 000 0 und d aeng a658.4092 PIR aPIRAMAL GITA aBUSINESS LEGENDS c1999aNew DelhibPenguin Books axi, : 654 : p. : cm. ; 22 cRS